| 000 | 00572nam a22001937a 4500 | ||
|---|---|---|---|
| 003 | CEME | ||
| 005 | 20210628204148.0 | ||
| 008 | 210104b xxu||||| |||| 00| 0 eng d | ||
| 020 | _a9788120339118 | ||
| 040 | _cceme | ||
| 082 | _a658.421 ZIM | ||
| 100 |
_aZimmerer, Thomas W, Scarborough, Norman.M _964400 |
||
| 245 | _aEssentials of enterpreneurship and small business managemen | ||
| 250 | _a5TH | ||
| 260 |
_aNEW DELHI _bPRENTICE HALL OF INDIA _c2008 |
||
| 300 | _aXVI, 728P | ||
| 650 |
_aENTERPRENEURSHIP AND SMALL BUSINESS MANAGEMENT _969029 |
||
| 942 |
_cBK _2ddc |
||
| 999 |
_c576451 _d576451 |
||